Tobacco From The Grower To The Smoker (Record no. 118709)

MARC details
000 -LEADER
fixed length control field 00308pam a2200133 a 4500
020 ## - INTERNATIONAL STANDARD BOOK NUMBER
Terms of availability
041 ## - LANGUAGE CODE
Language code of original
082 ## - DEWEY DECIMAL CLASSIFICATION NUMBER
Item number TAN
100 ## - MAIN ENTRY--PERSONAL NAME
Personal name Tanner, A.E.
245 ## - TITLE STATEMENT
Title Tobacco From The Grower To The Smoker
Medium Textual Documents
260 ## - PUBLICATION, DISTRIBUTION, ETC.
Place of publication, distribution, etc. London
Name of publisher, distributor, etc. Sir Isaac Pitman And Sons
300 ## - PHYSICAL DESCRIPTION
Extent 114/LB
930 ## - EQUIVALENCE OR CROSS-REFERENCE-UNIFORM TITLE HEADING [LOCAL, CANADA]
Uniform title 11887
Holdings
Withdrawn status Lost status Source of classification or shelving scheme Damaged status Not for loan Home library Current library Shelving location Date acquired Source of acquisition Cost, normal purchase price Total Checkouts Full call number Barcode Date last seen Copy number Price effective from Koha item type
    Dewey Decimal Classification     Abhijit Kadam Institute of Management & Social Science, Solapur Abhijit Kadam Institute of Management & Social Science, Solapur MSW Library 19/09/1992 Vijay Book Company 20.00   TAN AKS-W-01189 01/03/2023 1 01/03/2023 Book